000 00569nam a2200229Ia 4500
003 OSt
005 20220924143524.0
006 a|||||r|||| 00| 0
007 ta
008 220923b |||||||| |||| 00| 0 urd d
024 _a308701
037 _cTextual
040 _aARTS
_cARTS
_burd
041 _2urd
_aurd
082 _aO142,3M21,13, 168L3
100 _aAlwi
_9216094
245 0 _aKhanqaah
260 _c1973
650 _aRUSSIAN LITERATURE
_915056
942 _hO142,3M21,13, 168L3
_cTEXL
_2CC
999 _c454800
_d454800